000
00334nam a22001457a 4500
003
MACL
005
20151222171008.0
008
151222b xxu||||| |||| 00| 0 eng d
040
_c
MACL
041
_a
English
082
_a
741.642
245
_a
Children's Atlas of World History
650
_a
Children book
_9
22264
942
_2
ddc
_c
BK
999
_c
51590
_d
51590